Datum a čas kvízu
24
Celkem bodů
Celkový počet nahraných bodů na tomto kvízu bez doplňovacích otázek.
4.
Pořadí na kvízu
Konečné umístění týmu na tomto kvízu.
Zaznamenané odpovědi
| # | Otázka | Odpověď | Body | Výsledky |
|---|---|---|---|---|
| 1. | Vedení ČSSD zařadilo na čtvrté... | Petr Benda | 0 | |
| 2. | Berlínská čtvrť Zehlendorf se... | liška | 0 | |
| 3. | Tom Hanks a jeho manželka Rita... | Řecko | 0 | |
| 4. | Tradiční český výrobce nákladn... | Avia | 0 | |
| 5. | Nejstarší klubová soutěž na sv... | Arsenal FC, Chelsea FC | 0.5 | |
| 6. | V tomto tématu se blíže podívá... | C | 0 | |
| 7. | Tato mapa vyznačuje jistý kult... | Laponsko | 1 | |
| 8. | Jak se nazývá ostrov ležící 30... | Utøya | 0 | |
| 9. | Tento Švéd se v poslední době... | Epidemiolog. | 0 | |
| 10. | Tato běžkyně na lyžích se s ka... | Marit Bjørgenová | 0 |